مكتبة جامعة عجلون الوطنية

فهرس بحث المكتبة

Normal view MARC view
  • نظام الحكم في الاسلام

Entry Topical Term

Number of records used in: 1

001 - CONTROL NUMBER

  • control field: 35742

003 - CONTROL NUMBER IDENTIFIER

  • control field: JO-AjAnu

005 - DATE AND TIME OF LATEST TRANSACTION

  • control field: 20230606075956.0

008 - FIXED-LENGTH DATA ELEMENTS

  • fixed length control field: 230606|| aca||aabn | a|a d

040 ## - CATALOGING SOURCE

  • Original cataloging agency: JO-AjAnu
  • Transcribing agency: JO-AjAnu

150 ## - HEADING--TOPICAL TERM

  • Topical term or geographic name entry element: نظام الحكم في الاسلام

670 ## - SOURCE DATA FOUND

  • Source citation: Work cat.: (JO-AjAnu)18353: ابن تيمية، تقي الدين أبي العباس أحمد , author 35741, السياسة الشرعية في إصلاح الراعي والرعية